| 000 | 00484nam a2200181Ia 4500 | ||
|---|---|---|---|
| 003 | OSt | ||
| 005 | 20140321090624.0 | ||
| 008 | 140130s9999 xx 000 0 und d | ||
| 020 | _a0439282314 | ||
| 050 |
_aLB 1573.3 _b.L443 2003 |
||
| 100 | _aLeber, Nancy Jolson | ||
| 245 |
_cNancy Jolson Leber. _aPicture sorting for phonemic awareness / |
||
| 260 |
_bScholastic, _c2003. _aNew York : |
||
| 300 |
_a64 p. : _bill. ; _c26 cm. |
||
| 440 | _v1 | ||
| 942 |
_cBK _2lcc |
||
| 999 |
_c41808 _d41808 |
||